| 000 | 00669nam a2200229 a 4500 | ||
|---|---|---|---|
| 001 | 71656 | ||
| 003 | BD-RjUL | ||
| 005 | 20211209082136.0 | ||
| 008 | 170506r19681966nyua b 001 0 eng d | ||
| 035 | _a71872(BD-RjUL) | ||
| 040 |
_aDLC _cDLC _dDLC _dBD-RjUL _beng |
||
| 041 | _aeng | ||
| 082 | 0 | 0 |
_a530.41 _223 _bKII 1968 |
| 100 | 1 |
_aKittel, Charles. _926819 |
|
| 245 | 1 | 0 |
_aIntroduction to solid state physics / _cCharles Kittel. |
| 250 | _a3rd ed. | ||
| 260 |
_aNew York : _bWiley & sons, _cc1966, [printing 1968]. |
||
| 300 |
_a648 p. : _bill. ; _c25 cm. |
||
| 504 | _aIncludes bibliographies and index. | ||
| 650 | 0 |
_aSolid state physics. _923918 |
|
| 942 |
_2ddc _cBK |
||
| 999 |
_c71656 _d71656 |
||